000 00471nam a2200205Ia 4500
003 0100
008 130307s9999 xx 000 0 und d
040 _cARRUPELIB
050 _aB3316.B75 1941
100 _aBrinton, Crane
245 _aNietzsche
260 _aCambridge, Massachusetts
260 _bHarvard University Press
260 _c1941
300 _a266p.
300 _b22cm.
440 _aMakers of Modern Europe
650 _aPHILOSOPHY
942 0 0 _01
999 _c84267
_d84267